Topografía práctica
| Main Author: | |
|---|---|
| Format: | Section = Libro |
| Language: | Undetermined Spanish |
| Published: |
Barcelona
CEAC
1984
|
| Edition: | 21a.ed. |
| Subjects: |
| LEADER | 00475nam a2200193Ia 4500 | ||
|---|---|---|---|
| 008 | 240829s9999 xx 000 0 und d | ||
| 020 | |a 84-329-2914-X | ||
| 040 | |a BIBLIOTECA-RUPAP 624.1517 Z96 | ||
| 041 | |a spa | ||
| 082 | |a 624.1517 Z96 | ||
| 100 | 1 | |a Zurita Ruiz, José | |
| 245 | 1 | 0 | |a Topografía práctica |
| 250 | |a 21a.ed. | ||
| 260 | |a Barcelona |b CEAC |c 1984 | ||
| 300 | |a 160 p. :il. | ||
| 650 | 7 | |a TOPOGRAFIA. I. Tít. | |
| 942 | |c BK |2 ddc | ||
| 991 | |a TEXTO | ||
| 999 | |c 9468 | ||